La responsabilidad social de la iglesia (Registro nro. 52463)
[ vista simple ]
| 000 -LÍDER | |
|---|---|
| Campo fijo de descripción fija | 01734aab a2200193 i 4500 |
| 001 - NÚMERO DE CONTROL | |
| Campo de control | 768714001 |
| 003 - IDENTIFICADOR DEL NÚMERO DE CONTROL | |
| Campo de control | CO-MdFUSB |
| 005 - FECHA Y HORA DE LA ULTIMA TRANSACCIÓN | |
| control field | 20240314162813.0 |
| 008 - ELEMENTOS DE LONGITUD FIJA -- INFORMACIÓN GENERAL | |
| Campo fijo de descripción fija -- Información general | 240314t2000 ck a|||| |||| 00| 0 spa d |
| 040 ## - FUENTE DE CATALOGACIÓN | |
| Idioma de catalogación | spa |
| Agencia que realiza la transcripción | CO-MdFUSB |
| 041 ## - CÓDIGO DE IDIOMA | |
| Código de idioma para texto/pista de sonido o título separado | spa |
| 100 1# - ASIENTO PRINCIPAL--NOMBRE PERSONAL | |
| Nombre personal | Escobar, Samuel (1934-) |
| Término relacionador | autor |
| 245 13 - TÍTULO | |
| Título | La responsabilidad social de la iglesia |
| Mención de responsabilidad | / Samuel Escobar |
| 300 ## - DESCRIPCIÓN FÍSICA | |
| Extensión | Volumen 19, número 4 (noviembre - diciembre, 2000), páginas: 20 - 37 |
| Dimensiones | ; 27 cm |
| 520 ## - NOTA DE RESUMEN, ETC. | |
| Nota de sumario, etc. | Este artículo es una memoria de la presentación del autor (Samuel Escobar)en el Primer Congreso Latinoamericano de Evangelización. Aquí algunas conclusiones de esa ponencia:<br/>- Por razones históricas el descuido de los evangélicos en el estudio y realización de la responsabilidad social de la iglesia es explicable pero no justificable.<br/>- Para cumplir con la responsabilidad social de la iglesia no es necesario ni el abandono de la evangelización ni la adopción de una teología liberal o no evangélica. Se trata de llevar nuestras creencias hasta las ultimas consecuencias.<br/>-La falta de encarnación está convirtiendo el evangelio en una ideología de clase media que ni apela ni comunica nada a vastos sectores de América Latina.<br/>-No toca a la iglesia adoptar una misión y un programa políticos. Pero el testimonio de servicio del creyente tiene indudables dimensiones sociales y políticas. La concepción de nuestra responsabilidad como servicio evitará caer en la "tentación católica" de dominar el poder e imponer el evangelio desde arriba.<br/> |
| 650 #7 - ASIENTO SECUNDARIO DE MATERIA - TERMINO TEMÁTICO | |
| Término temático o nombre geográfico como elemento de entrada | Sociología cristiana |
| 9 (RLIN) | 405 |
| 773 0# - ASIENTO DE ITEM FUENTE | |
| Título | Iglesia y Misión |
| Biblionumber | 49402 |
| Itemnumber | 59627 |
| Parte(s) relacionada(s) / Volumen., número. (mes año), páginas | Volumen 19, número 4 (noviembre - diciembre, 2000), páginas: 20 - 37 |
| Enumeración y primera página | páginas: 20 |
| 942 ## - TIPO DE MATERIAL (KOHA) | |
| Tipo de Item KOHA | Artículos de Revista |
No hay ítems disponibles.
